Dialectic of capital: A study of the inner logic of capitalism. 2 Vols (Record no. 1225165)

MARC details
000 -LEADER
fixed length control field 00684nam a2200229Ia 4500
005 - DATE AND TIME OF LATEST TRANSACTION
control field 20241129104254.0
008 - FIXED-LENGTH DATA ELEMENTS--GENERAL INFORMATION
fixed length control field 241129s9999||||xx |||||||||||||| ||und||
020 ## - INTERNATIONAL STANDARD BOOK NUMBER
International Standard Book Number 9781642595918
037 ## - SOURCE OF ACQUISITION
Stock number Textual
040 ## - CATALOGING SOURCE
Original cataloging agency RTL
Language of cataloging eng
Transcribing agency RTL
041 ## - LANGUAGE CODE
Language code of text/sound track or separate title eng
Source of code eng
084 ## - COLON CLASSIFICATION NUMBER
Classification number R13 R1.1-.2
Assigning agency RTL
100 ## - MAIN ENTRY--PERSONAL NAME
Personal name Sekine Thomas
245 #0 - TITLE STATEMENT
Title Dialectic of capital: A study of the inner logic of capitalism. 2 Vols
Statement of responsibility, etc. Sekine Thomas
260 ## - PUBLICATION, DISTRIBUTION, ETC.
Place of publication, distribution, etc. Netherland
Name of publisher, distributor, etc. B.A.P
Date of publication, distribution, etc. 2021
300 ## - PHYSICAL DESCRIPTION
Extent xx,422p.
365 ## - TRADE PRICE
Price type code INR
Price amount Rs.2922.15
490 ## - SERIES STATEMENT
Series statement Historical Materialism Book Series
Volume/sequential designation V1
650 ## - SUBJECT ADDED ENTRY--TOPICAL TERM
Topical term or geographic name entry element Logic of Capitalism
942 ## - ADDED ENTRY ELEMENTS (KOHA)
Koha item type Textbook
Classification part R13 R1.1-.2
Holdings
Withdrawn status Lost status Damaged status Not for loan Home library Current library Date acquired Source of acquisition Inventory number Total Checkouts Full call number Barcode Date last seen Price effective from Koha item type
        Ratan Tata Library Ratan Tata Library 2024-11-29 Segment book 67528 & 7/2/24   R13 R1.1-.2 RT1528101 2024-11-29 2024-11-29 Textbook
Copyright @ Delhi University Library System